[Event "Najdorf Mem Open A 2016"]
[Site "Warsaw POL"]
[Date "2016.07.12"]
[Round "5.32"]
[White "Svane, Rasmus"]
[Black "Bartel, Michal"]
[Result "1/2-1/2"]
[WhiteTitle "IM"]
[BlackTitle "FM"]
[WhiteElo "2549"]
[BlackElo "2341"]
[WhiteFideId "4657101"]
[BlackFideId "1119257"]
[EventDate "2016.07.08"]

1. d4 d5 2. Nf3 a6 3. Bg5 Nf6 4. e3 e6 5. c4 dxc4 6. Bxc4 c5 7. O-O b5 8. Bd3
Bb7 9. a4 b4 10. Nbd2 Nbd7 11. Be4 Qc8 12. Bxb7 Qxb7 13. Nc4 Rd8 14. Qe2 Be7 15.
Nfe5 cxd4 16. exd4 Nb8 17. Rac1 O-O 18. Na5 Qd5 19. Nac6 Nxc6 20. Nxc6 Qxg5 21.
Nxe7+ Kh8 22. Nc6 Ra8 23. Qe3 h6 24. Nxb4 Qxe3 25. fxe3 Rfb8 26. Nd3 Rb3 27.
Rfd1 Ng4 28. Rc3 Rxc3 29. bxc3 Nxe3 30. Rb1 Rc8 31. Nc5 e5 32. Nxa6 Rxc3 33.
dxe5 Rc2 34. Nb4 Rxg2+ 35. Kh1 Rg5 36. a5 Rxe5 37. Ra1 Nd5 38. a6 Nxb4 39. a7
Re8 40. a8=Q Rxa8 1/2-1/2

[Event "Najdorf Mem Open A 2016"]
[Site "Warsaw POL"]
[Date "2016.07.12"]
[Round "5.33"]
[White "Puranik, Abhimanyu"]
[Black "Przedmojski, Rafal"]
[Result "1/2-1/2"]
[WhiteTitle "IM"]
[WhiteElo "2475"]
[BlackElo "2337"]
[WhiteFideId "5061245"]
[BlackFideId "1102451"]
[EventDate "2016.07.08"]

1. e4 c5 2. c3 Nf6 3. e5 Nd5 4. Nf3 Nc6 5. Bc4 Nb6 6. Bb3 d5 7. exd6 Qxd6 8. O-O
Be6 9. Na3 Bxb3 10. axb3 Qd3 11. Re1 e6 12. Re3 Qd7 13. Nc4 Nxc4 14. bxc4 Rd8
15. d4 cxd4 16. Rd3 e5 17. cxd4 exd4 18. Qe1+ Qe6 19. Bg5 Be7 20. Bxe7 Qxe7 21.
h3 Qxe1+ 22. Rxe1+ Kf8 23. Ne5 Nxe5 24. Rxe5 h5 25. Kf1 Rh6 26. Ke2 Rb6 27. b3
g6 28. Kd2 Ra6 29. Ke2 Ra3 30. g4 hxg4 31. hxg4 Rd6 32. g5 a5 33. Rb5 b6 34. Kf3
Ra2 35. Kg3 Rc2 36. Kf3 Ke7 37. Re5+ Kd7 38. Re4 Kc6 39. Kg2 Rc3 40. Rdxd4 Rxb3
41. Rxd6+ Kxd6 42. Rf4 Ke7 43. Re4+ Kf8 44. Rd4 a4 45. Rd7 Rc3 46. Rb7 Rb3 47.
f3 Rb2+ 48. Kg3 a3 49. Ra7 a2 50. f4 Rc2 51. Kf3 Rc3+ 52. Kg4 Rc2 53. Kf3 Ke8
54. Ke3 Kd8 55. Kd3 Rf2 56. Ke3 Rh2 57. Kd4 Kc8 58. c5 bxc5+ 59. Kxc5 Kb8 60.
Ra3 Kb7 61. Kd6 Re2 62. Kc5 Rd2 63. Ra4 Rf2 64. Kd6 Re2 65. Kc5 Rh2 66. Kd6 Rf2
67. Ke7 Rxf4 68. Rxa2 Kc6 69. Rd2 1/2-1/2

[Event "Najdorf Mem Open A 2016"]
[Site "Warsaw POL"]
[Date "2016.07.12"]
[Round "5.34"]
[White "Bednarek, Sylwester"]
[Black "Piscopo, Pierluigi"]
[Result "1-0"]
[WhiteTitle "FM"]
[BlackTitle "IM"]
[WhiteElo "2340"]
[BlackElo "2429"]
[WhiteFideId "1101811"]
[BlackFideId "809152"]
[EventDate "2016.07.08"]

1. d4 e6 2. e4 d5 3. e5 c5 4. c3 Ne7 5. Nf3 Nec6 6. a3 a5 7. a4 Na6 8. Be2 Be7
9. O-O O-O 10. Na3 cxd4 11. cxd4 Nab4 12. Be3 Bd7 13. Nd2 f6 14. exf6 Bxf6 15.
Nf3 Be8 16. Nb5 Bg6 17. Rc1 Rc8 18. Bf4 Be4 19. Bd6 Be7 20. Bg3 h6 21. Rc3 Na2
22. Re3 Nab4 23. Ne1 Rf6 24. h3 Qb6 25. Bg4 Rg6 26. Nf3 Kh8 27. Be5 Bxf3 28.
Qxf3 Nxe5 29. Rxe5 Rf6 30. Qe3 Nc2 31. Qe2 Nxd4 32. Nxd4 Qxd4 33. Rxe6 Rxe6 34.
Qxe6 Rc7 35. Bf3 Qf6 36. Qxd5 Bc5 37. Re1 Re7 38. Qd8+ Kh7 39. Rxe7 Qxe7 40.
Qxe7 Bxe7 41. Bxb7 Bf6 42. b4 axb4 43. Be4+ Kg8 44. a5 Bd4 45. Kf1 Kf8 46. Ke2
b3 47. f3 b2 48. Bc2 Ke7 49. Kd3 Bf2 50. a6 Kd6 51. Kc3 Kc7 52. Kxb2 Kb6 53. Bd3
Bg3 54. Kc3 h5 55. Kd4 h4 56. Ke4 g5 57. Kf5 Bf4 58. Kg4 Be3 59. g3 hxg3 60.
Kxg3 Kc7 61. h4 gxh4+ 62. Kxh4 1-0

[Event "Najdorf Mem Open A 2016"]
[Site "Warsaw POL"]
[Date "2016.07.12"]
[Round "5.35"]
[White "Yilmazyerli, Mert"]
[Black "De Marchi, Olivier"]
[Result "1-0"]
[WhiteTitle "IM"]
[BlackTitle "FM"]
[WhiteElo "2424"]
[BlackElo "2286"]
[WhiteFideId "6305962"]
[BlackFideId "613517"]
[EventDate "2016.07.08"]

1. e4 c5 2. b3 Nc6 3. Bb2 e5 4. Bc4 d6 5. Ne2 Nf6 6. d3 a6 7. a4 g6 8. Nbc3 Bg7
9. O-O O-O 10. Qd2 Rb8 11. f4 Nd4 12. a5 Bd7 13. fxe5 dxe5 14. Nd5 Nxd5 15. Bxd5
Be6 16. Nc3 Qd6 17. Ba3 f5 18. Bxe6+ Nxe6 19. Nd5 Nf4 20. c4 Rf7 21. b4 cxb4 22.
Bxb4 Qd8 23. g3 Nxd5 24. cxd5 Rc8 25. Rac1 Bf8 26. Bxf8 Qxf8 27. Qb2 Re8 28. Rf2
Qd6 29. Qc3 Ref8 30. Qc5 Qf6 31. Rcf1 Qg5 32. d6 Qf6 33. exf5 gxf5 34. d4 exd4
35. Qd5 Kg7 36. Re2 d3 37. Rd2 Rd8 38. Rxd3 Rfd7 39. Rxf5 Qxd6 40. Rg5+ Kh8 41.
Qe4 1-0

[Event "Najdorf Mem Open A 2016"]
[Site "Warsaw POL"]
[Date "2016.07.12"]
[Round "5.36"]
[White "Lewicki, Miroslaw"]
[Black "Tania, Sachdev"]
[Result "0-1"]
[WhiteTitle "CM"]
[BlackTitle "IM"]
[WhiteElo "2329"]
[BlackElo "2398"]
[WhiteFideId "1113380"]
[BlackFideId "5007844"]
[EventDate "2016.07.08"]

1. e4 e5 2. Nf3 Nc6 3. Bb5 a6 4. Ba4 Nf6 5. d3 d6 6. c3 g6 7. O-O Bg7 8. Re1 O-O
9. d4 exd4 10. cxd4 Bg4 11. Bxc6 bxc6 12. Nc3 Nd7 13. Be3 Rb8 14. Rb1 f5 15. Qa4
Bxf3 16. gxf3 f4 17. Bd2 c5 18. Ne2 cxd4 19. Qc4+ Kh8 20. Nxd4 Ne5 21. Qd5 c5
22. Nc6 Nxf3+ 23. Kg2 Nxe1+ 24. Rxe1 Qh4 25. Nxb8 f3+ 26. Kh1 Be5 0-1

[Event "Najdorf Mem Open A 2016"]
[Site "Warsaw POL"]
[Date "2016.07.12"]
[Round "5.37"]
[White "Harazinska, Ewa"]
[Black "Abdumalik, Zhansaya"]
[Result "0-1"]
[WhiteTitle "WFM"]
[BlackTitle "WGM"]
[WhiteElo "2279"]
[BlackElo "2382"]
[WhiteFideId "1118374"]
[BlackFideId "13703544"]
[EventDate "2016.07.08"]

1. Nf3 Nf6 2. c4 c5 3. Nc3 Nc6 4. g3 d5 5. d4 e6 6. cxd5 Nxd5 7. Bg2 cxd4 8.
Nxd4 Nxc3 9. bxc3 Nxd4 10. Qxd4 Qxd4 11. cxd4 Bd6 12. Rb1 Rb8 13. O-O b6 14. Bf4
Bxf4 15. gxf4 Bb7 16. Rfd1 Bxg2 17. Kxg2 Ke7 18. e4 Rhd8 19. Rb3 Rbc8 20. Kf3 f5
21. e5 Rd5 22. Ke3 Ra5 23. Rd2 Rc4 24. Ke2 Kf7 25. Kd3 Raa4 26. Ke3 Ke7 27. f3
Ra5 28. h4 Kf7 29. Kd3 Rc1 30. Rbb2 Ra3+ 31. Ke2 Rh1 32. Rbc2 Rh2+ 33. Kd1 Rh1+
34. Ke2 Rxh4 35. Rc7+ Kg6 36. Re7 Rxf4 37. Rxe6+ Kf7 38. Rc6 Raxf3 39. Rc7+ Ke6
40. Rc6+ Kd7 41. Rd6+ Ke7 42. d5 Rf2+ 43. Kd3 Rxd2+ 44. Kxd2 Re4 0-1

[Event "Najdorf Mem Open A 2016"]
[Site "Warsaw POL"]
[Date "2016.07.12"]
[Round "5.38"]
[White "Baskin, Robert"]
[Black "Hacker, Jonas"]
[Result "1/2-1/2"]
[WhiteTitle "FM"]
[BlackTitle "FM"]
[WhiteElo "2375"]
[BlackElo "2275"]
[WhiteFideId "24662402"]
[BlackFideId "1270968"]
[EventDate "2016.07.08"]

1. e4 e5 2. Nf3 Nc6 3. d4 exd4 4. Nxd4 Nf6 5. Nxc6 bxc6 6. e5 Qe7 7. Qe2 Nd5 8.
c4 Nb6 9. Nc3 Bb7 10. Bd2 g6 11. Ne4 Bg7 12. f4 Ba6 13. b3 O-O 14. Be3 Bxe5 15.
fxe5 Qxe5 16. O-O-O Qxe4 17. Qf2 d5 18. Bd3 Qe7 19. Bc5 Qg5+ 20. Kb1 dxc4 21. h4
Qg4 22. Bxf8 cxd3 23. Ba3 Qe2 24. Qd4 Nd5 25. Bb2 f6 26. Rhe1 Qxg2 27. h5 Kf7
28. hxg6+ hxg6 29. Rh1 Rh8 30. Rhf1 Qc2+ 31. Ka1 Rh2 32. Rxf6+ Nxf6 33. Qxf6+
Ke8 34. Rc1 Qxb2+ 35. Qxb2 Rxb2 36. Kxb2 Kd7 37. Rg1 d2 38. Kc2 Be2 39. Kxd2 Bh5
40. Kc3 c5 41. Kc4 Kc6 42. Re1 Bg4 43. Re5 Kb6 44. Rxc5 Bf5 45. Kb4 a6 46. Re5
Bg4 47. Kc4 Bf5 48. b4 Bd7 49. a3 Bb5+ 50. Kd4 Bd7 51. Ke4 Bf5+ 52. Kf4 Bd7 53.
Kg5 Bb5 54. Kxg6 a5 55. Kf7 axb4 56. axb4 c6 57. Ke7 Kc7 58. Rc5 Ba4 59. Ke6
Bb3+ 60. Ke5 Ba4 61. Ra5 Bb5 62. Ra7+ Kb6 63. Ra8 Kb7 64. Rh8 Kc7 65. Rh7+ Kb6
66. Kd6 Ba4 67. Rh8 Kb5 68. Rh5+ Kxb4 69. Rh4+ Kb3 70. Rxa4 Kxa4 71. Kxc6 1/2-1/2

[Event "Najdorf Mem Open A 2016"]
[Site "Warsaw POL"]
[Date "2016.07.12"]
[Round "5.39"]
[White "Stoma, Pawel"]
[Black "Niekras, Dawid"]
[Result "0-1"]
[WhiteElo "2365"]
[BlackElo "2255"]
[WhiteFideId "1113569"]
[BlackFideId "1160451"]
[EventDate "2016.07.08"]

1. Nf3 c5 2. b3 Nf6 3. Bb2 g6 4. g3 Bg7 5. Bg2 O-O 6. O-O Nc6 7. e3 d5 8. d3 Re8
9. Nbd2 e5 10. h3 Qc7 11. a3 h6 12. Rc1 Be6 13. c4 d4 14. e4 Nh5 15. Rb1 a6 16.
Bc1 Bf8 17. Ne1 b5 18. Ndf3 Rab8 19. Nh4 bxc4 20. dxc4 Bxc4 21. Nd3 Na5 22. b4
Bxd3 23. Qxd3 c4 24. Qc2 Nb7 25. g4 Nf4 26. Bxf4 exf4 27. Rbc1 Nd6 28. e5 Rxe5
29. Rfd1 Qe7 30. Nf3 Re2 31. Qb1 Nb5 32. Nxd4 Nxd4 33. Rxd4 Rxf2 34. Qe4 Qxe4
35. Rxe4 Ra2 36. Rxf4 Bd6 37. Rf6 Be7 38. Rxa6 Bxb4 39. Rxc4 Bxa3 40. Rf6 Rb1+
41. Rf1 Rxf1+ 42. Kxf1 Bd6 43. Rc6 Rd2 44. Be4 Kf8 45. Rc2 Rd4 46. Bf3 Kg7 47.
Kg2 f5 48. Ra2 Kf6 49. Ra5 Rd2+ 50. Kg1 Bh2+ 51. Kf1 Bg3 52. Kg1 Bf2+ 53. Kh1
Bd4 54. gxf5 gxf5 55. Rd5 Ke6 56. Ra5 Bb6 57. Rb5 Be3 58. Ra5 Rf2 59. Bb7 f4 60.
Ra6+ Ke5 61. Rxh6 f3 62. Rh5+ Kf4 63. Bxf3 Kg3 0-1

[Event "Najdorf Mem Open A 2016"]
[Site "Warsaw POL"]
[Date "2016.07.12"]
[Round "5.40"]
[White "Zochowski, Kacper"]
[Black "Lewtak, Damian"]
[Result "0-1"]
[WhiteElo "2248"]
[BlackElo "2363"]
[WhiteFideId "1125494"]
[BlackFideId "1141724"]
[EventDate "2016.07.08"]

1. e4 c5 2. Nf3 d6 3. d4 cxd4 4. Nxd4 Nf6 5. Nc3 Bd7 6. g3 Nc6 7. Bg2 a6 8. O-O
e6 9. b3 Nxd4 10. Qxd4 Qc7 11. Bb2 Be7 12. Qd3 Rc8 13. Rac1 O-O 14. Ne2 b5 15.
Rfd1 Rfd8 16. Nd4 Qa5 17. a3 Qb6 18. h3 a5 19. Qe3 Qb8 20. f4 Be8 21. Kh1 b4 22.
a4 d5 23. e5 Ne4 24. Bxe4 dxe4 25. Qxe4 Bc5 26. Nf3 Qc7 27. Qe2 Bc6 28. Kh2 Rxd1
29. Rxd1 Bb6 30. Rd2 h6 31. g4 Qb7 32. Kg3 Be4 33. Ne1 g6 34. Nd3 g5 35. fxg5
hxg5 36. Ne1 Bg6 37. Nf3 Qa7 38. Bd4 Bxd4 39. Rxd4 Rc3 40. Rd8+ Kg7 41. Kh2 Qe3
42. Qxe3 Rxe3 43. Nd4 Rxe5 44. Rc8 Re4 45. Nf3 Re2+ 46. Kg3 Rxc2 47. Ra8 Rc3 48.
Kf2 Be4 0-1

[Event "Najdorf Mem Open A 2016"]
[Site "Warsaw POL"]
[Date "2016.07.12"]
[Round "5.41"]
[White "Bus, Konrad"]
[Black "Lokander, Martin"]
[Result "1/2-1/2"]
[BlackTitle "FM"]
[WhiteElo "2216"]
[BlackElo "2359"]
[WhiteFideId "1148362"]
[BlackFideId "1709569"]
[EventDate "2016.07.08"]

1. d4 Nf6 2. c4 g6 3. Nc3 Bg7 4. e4 d6 5. f4 O-O 6. Nf3 c5 7. d5 e6 8. Be2 exd5
9. cxd5 Bg4 10. O-O Re8 11. h3 Bxf3 12. Bxf3 Nbd7 13. Be3 Qa5 14. Re1 b5 15. a3
Rab8 16. Bf2 c4 17. Bd4 Qc7 18. e5 dxe5 19. d6 Qxd6 20. Bxa7 Qc7 21. Bxb8 Rxb8
22. fxe5 Nxe5 23. Be2 Rd8 24. Qc2 Nc6 25. Rad1 Qb6+ 26. Kh1 Nd4 27. Qc1 Nd7 28.
a4 Nf5 29. Bg4 Bh6 30. Qc2 Ng3+ 31. Kh2 Bf4 32. Nd5 Nf1+ 33. Kh1 Ng3+ 34. Kh2
Nf1+ 35. Kh1 Ng3+ 1/2-1/2

[Event "Najdorf Mem Open A 2016"]
[Site "Warsaw POL"]
[Date "2016.07.12"]
[Round "5.42"]
[White "Zaninotto, Franco"]
[Black "Nakar, Eylon"]
[Result "0-1"]
[WhiteTitle "FM"]
[BlackTitle "IM"]
[WhiteElo "2127"]
[BlackElo "2494"]
[WhiteFideId "800406"]
[BlackFideId "2811111"]
[EventDate "2016.07.08"]

1. e4 c5 2. c3 d5 3. exd5 Qxd5 4. d4 Nf6 5. Nf3 e6 6. Na3 Qd8 7. Nc4 Be7 8. Bd3
O-O 9. O-O Nbd7 10. Bf4 cxd4 11. Nxd4 Nc5 12. Be2 Nd5 13. Bg3 Ne4 14. Bf3 Nxg3
15. hxg3 Nb6 16. Qb3 Nxc4 17. Qxc4 Qb6 18. Qb5 Qc7 19. Rfe1 a6 20. Qe2 Bd7 21.
Rad1 Rad8 22. Qe4 Bc8 23. Nb3 g6 24. Kf1 Kg7 25. Kg1 Kg8 26. Kf1 Kg7 27. Kg1 Bf6
28. Qb4 b6 29. Qe4 Rxd1 30. Rxd1 Rd8 31. Rxd8 Bxd8 32. Qd4+ e5 33. Qd3 f5 34.
Qd5 Be7 35. Be2 Bb7 36. Qe6 Qd6 37. Qc4 b5 38. Qd3 Qxd3 39. Bxd3 Bd5 40. Kf1 Kf6
41. f3 Ke6 42. Kf2 Kd6 43. f4 Bd8 44. g4 fxg4 45. fxe5+ Kxe5 46. Kg3 Bb6 47. Be2
h5 48. Nc1 g5 49. a4 Ke4 50. axb5 Ke3 51. Kh2 Kf2 52. g3 h4 53. Bxg4 hxg3+ 0-1

[Event "Najdorf Mem Open A 2016"]
[Site "Warsaw POL"]
[Date "2016.07.12"]
[Round "5.43"]
[White "Meskovs, Nikita"]
[Black "Osmanodja, Filiz"]
[Result "1-0"]
[WhiteTitle "IM"]
[BlackTitle "WIM"]
[WhiteElo "2469"]
[BlackElo "2318"]
[WhiteFideId "11602740"]
[BlackFideId "24633569"]
[EventDate "2016.07.08"]

1. c4 Nf6 2. Nc3 e6 3. d4 Bb4 4. e3 O-O 5. Ne2 d5 6. a3 Be7 7. cxd5 exd5 8. g3
a5 9. Bg2 c6 10. Qc2 Na6 11. O-O Re8 12. Kh1 b6 13. b3 Bb7 14. Bb2 Rc8 15. Rfd1
Bd6 16. Nf4 Rc7 17. Na4 Rce7 18. Nd3 Nd7 19. Rac1 Re6 20. Qd2 Qe7 21. Ra1 Rh6
22. Kg1 Nc7 23. Re1 Qg5 24. f4 Qh5 25. h3 Nf6 26. Nf2 Nd7 27. Ng4 Rg6 28. Qf2 f5
29. Ne5 Bxe5 30. fxe5 Qg5 31. Kh2 Ne6 32. Nc3 Ba6 33. Ne2 Bxe2 34. Rxe2 Qh5 35.
Rc2 Nb8 36. Rf1 Rf8 37. b4 axb4 38. axb4 Rh6 39. b5 cxb5 40. Ba3 Rd8 41. Qxf5
Qxf5 42. Rxf5 Na6 43. Be7 Re8 44. Bxd5 b4 45. Rc6 1-0

[Event "Najdorf Mem Open A 2016"]
[Site "Warsaw POL"]
[Date "2016.07.12"]
[Round "5.44"]
[White "Polok, Kacper"]
[Black "Sieciechowicz, Marcin"]
[Result "1/2-1/2"]
[WhiteTitle "FM"]
[BlackTitle "IM"]
[WhiteElo "2292"]
[BlackElo "2430"]
[WhiteFideId "1137158"]
[BlackFideId "1130170"]
[EventDate "2016.07.08"]

1. e4 e6 2. d4 d5 3. Nd2 c5 4. exd5 Qxd5 5. Ngf3 cxd4 6. Bc4 Qd6 7. O-O Nf6 8.
Re1 Nc6 9. Ne4 Nxe4 10. Rxe4 Be7 11. Nxd4 e5 12. Bf4 exf4 13. Nxc6 Qxd1+ 14.
Rxd1 bxc6 15. Rde1 Kf8 16. Rxe7 Be6 17. R1xe6 fxe6 18. Rc7 h5 19. Rxc6 Re8 20.
Rc7 Re7 21. Rc8+ Re8 22. Rc7 Re7 23. Rc8+ Re8 24. Rc7 1/2-1/2

[Event "Najdorf Mem Open A 2016"]
[Site "Warsaw POL"]
[Date "2016.07.12"]
[Round "5.45"]
[White "Paszewski, Mateusz"]
[Black "Johansson, Linus"]
[Result "1/2-1/2"]
[BlackTitle "IM"]
[WhiteElo "2270"]
[BlackElo "2425"]
[WhiteFideId "1141058"]
[BlackFideId "1711113"]
[EventDate "2016.07.08"]

1. d4 Nf6 2. c4 e6 3. Nc3 Bb4 4. Qc2 c5 5. dxc5 Bxc5 6. Nf3 Qb6 7. e3 Qc7 8. Be2
b6 9. e4 a6 10. O-O Nc6 11. Bg5 Ng4 12. Qd2 Bd6 13. h3 h6 14. Be3 Bh2+ 15. Kh1
Nxe3 16. Qxe3 Bf4 17. Qd3 Bb7 18. Rad1 Rd8 19. g3 Ne5 20. Qd6 Nxf3 21. gxf4 Qxd6
22. Rxd6 Nh4 23. Rxb6 Rb8 24. Kh2 Ke7 25. Rg1 Ng6 26. Kg3 Bc6 27. Rxb8 Rxb8 28.
b3 Kd6 29. Kf3 Kc5 30. Ke3 Kb4 31. Nb1 a5 32. Bh5 a4 33. Bxg6 fxg6 34. Nd2 Kc3
35. bxa4 Ra8 36. Rb1 Bxa4 37. Rb7 Bc6 38. Rb3+ Kc2 39. a3 Ra5 40. Rd3 Rh5 41.
Ke2 Kb2 42. Rg3 Rh4 43. Ke3 Kxa3 44. Nf3 Rh5 45. Ne5 g5 46. fxg5 hxg5 47. Kd4+
Kb4 48. Nf7 Rh4 49. Nxg5 d6 50. Kd3 e5 51. f3 Ba4 52. Nf7 Kc5 53. Ke3 Be8 54.
Rxg7 Bxf7 55. Rxf7 Kxc4 56. Rc7+ Kb5 57. Rc1 1/2-1/2

[Event "Najdorf Mem Open A 2016"]
[Site "Warsaw POL"]
[Date "2016.07.12"]
[Round "5.46"]
[White "Molenda, Marcin"]
[Black "Lomasov, Semen"]
[Result "0-1"]
[BlackTitle "FM"]
[WhiteElo "2267"]
[BlackElo "2395"]
[WhiteFideId "1173065"]
[BlackFideId "24164879"]
[EventDate "2016.07.08"]

1. d4 Nf6 2. Nf3 e6 3. c4 Bb4+ 4. Bd2 Qe7 5. a3 Bxd2+ 6. Nbxd2 d6 7. e3 e5 8.
Qc2 O-O 9. Bd3 Re8 10. dxe5 dxe5 11. Ng5 h6 12. Nge4 Nbd7 13. O-O Nxe4 14. Nxe4
f5 15. Nc3 e4 16. Be2 c6 17. b4 Ne5 18. Na4 b6 19. Rfd1 Be6 20. Qc3 Bf7 21. Rd2
Qg5 22. Kh1 Bh5 23. Bxh5 Qxh5 24. h3 Re6 25. Rad1 Rae8 26. Nb2 Kh7 27. Rd6 Nd3
28. R1xd3 exd3 29. Rxe6 Rxe6 30. Nxd3 Rd6 31. Nf4 Qe8 32. c5 Rd8 33. cxb6 axb6
34. a4 Qd7 35. a5 bxa5 36. bxa5 Qd1+ 37. Kh2 Qd6 38. Kh1 Qf6 39. Qc2 Rd6 40. a6
c5 41. a7 Qa1+ 42. Kh2 Qxa7 43. Qxf5+ g6 44. Qe5 Rc6 45. g3 c4 46. Nd5 Qf7 47.
Kg1 Qg7 48. Qe8 Rd6 49. Qe4 Qf7 50. Nc3 Rd3 51. Nb5 Rd1+ 52. Kg2 Rd2 53. Qf3 Kg7
54. Nc3 Qxf3+ 55. Kxf3 Rd3 56. Ne2 Kf6 57. Kf4 Rd2 58. Nc3 Rxf2+ 0-1

[Event "Najdorf Mem Open A 2016"]
[Site "Warsaw POL"]
[Date "2016.07.12"]
[Round "5.47"]
[White "Webersberger, Johann"]
[Black "Nowak, Lukasz2"]
[Result "0-1"]
[WhiteTitle "FM"]
[WhiteElo "2362"]
[BlackElo "2263"]
[WhiteFideId "1611100"]
[BlackFideId "1166760"]
[EventDate "2016.07.08"]

1. d4 Nf6 2. c4 e6 3. Nc3 Bb4 4. e3 O-O 5. Ne2 Re8 6. a3 Bf8 7. Ng3 d5 8. cxd5
exd5 9. Be2 c6 10. O-O a5 11. b3 Na6 12. Bb2 g6 13. Re1 h5 14. Bd3 h4 15. Nf1
Nc7 16. Rc1 Ne6 17. Rc2 Ng7 18. f3 Bf5 19. Rf2 Bxd3 20. Qxd3 Ne6 21. Rc1 Nh5 22.
Na4 f5 23. Nc5 Nxc5 24. dxc5 Bg7 25. b4 axb4 26. axb4 Bxb2 27. Rxb2 Qf6 28. Rf2
Ra1 29. Rxa1 Qxa1 30. b5 Nf6 31. Rd2 Ra8 32. bxc6 bxc6 33. Qd4 Ra4 34. Qxa1 Rxa1
35. Rc2 Nd7 36. Kf2 Ra5 37. g3 hxg3+ 38. Nxg3 Rxc5 39. Ra2 Kf7 40. h4 Kf6 41.
Ne2 Nf8 42. Ra4 Ne6 43. e4 Ke5 44. exd5 Rxd5 45. f4+ Kf6 46. Ke3 Rd7 47. Ra6 c5
48. Rb6 Rh7 49. Nc3 Rd7 50. Na4 Rd5 51. Nc3 Rd4 52. Ra6 Ke7 53. Ra7+ Rd7 54. Ra5
Rb7 55. Ra4 Rd7 56. Ra5 Kf7 57. Ra4 Rd4 58. Ra7+ Ke8 59. Nb5 Re4+ 60. Kd2 Rxf4
61. Nd6+ Kf8 62. Kc3 Rxh4 63. Rf7+ Kg8 64. Re7 Nf4 65. Kc4 Rh7 66. Re8+ Kg7 67.
Kxc5 Kf6 68. Nc4 Rc7+ 69. Kd4 Ne6+ 70. Kd3 Re7 71. Rb8 Nf4+ 72. Kd2 Kg5 73. Ne3
Re4 74. Rh8 Nh5 75. Kd3 Re6 76. Nf1 Kf4 77. Nd2 Kg3 78. Rg8 Kf2 79. Nc4 Nf4+ 80.
Kd4 Re4+ 81. Kc5 Re2 82. Nd6 Re5+ 83. Kc6 Kf3 84. Nf7 Re6+ 85. Kd7 Ra6 86. Ke7
Nd5+ 87. Kf8 Ra8+ 88. Kg7 Rxg8+ 89. Kxg8 Kf4 90. Kg7 g5 91. Kh6 g4 92. Kh5 Kg3
93. Kg5 Ne3 94. Nd6 Kf3 95. Nf7 g3 96. Ne5+ Ke4 0-1

[Event "Najdorf Mem Open A 2016"]
[Site "Warsaw POL"]
[Date "2016.07.12"]
[Round "5.48"]
[White "Gumularz, Szymon"]
[Black "Raja, Harshit"]
[Result "0-1"]
[WhiteElo "2267"]
[BlackElo "2351"]
[WhiteFideId "1188062"]
[BlackFideId "5089000"]
[EventDate "2016.07.08"]

1. d4 d5 2. c4 c6 3. Nc3 Nf6 4. e3 e6 5. Nf3 Nbd7 6. Qc2 Bd6 7. e4 dxe4 8. Nxe4
Nxe4 9. Qxe4 Bb4+ 10. Bd2 Bxd2+ 11. Nxd2 c5 12. dxc5 Qf6 13. c6 bxc6 14. Rb1 Rb8
15. Qc2 O-O 16. Be2 e5 17. c5 Qg5 18. Bf3 Ba6 19. Bxc6 Rfd8 20. b4 Nxc5 21. b5
Nd3+ 22. Kf1 Nxf2 23. Nf3 Qe3 24. Re1 Qd3+ 25. Qxd3 Nxd3 26. bxa6 Nxe1 27. Nxe1
Rb2 28. h4 Rxa2 29. Bb7 f5 30. Rh3 e4 31. Rc3 Rd1 32. Re3 Rdd2 33. Rc3 Kf7 34.
Bc8 Ke7 35. Rc5 Rd1 36. Rc3 g6 37. Re3 Rdd2 38. Rc3 Kd6 39. h5 Ke5 40. h6 Kf4
41. Rc7 Ra1 42. Rc3 e3 43. g3+ Ke4 44. Rc4+ Ke5 45. Rf4 Rdd1 0-1

[Event "Najdorf Mem Open A 2016"]
[Site "Warsaw POL"]
[Date "2016.07.12"]
[Round "5.49"]
[White "Kenneskog, Theodor"]
[Black "Schroeder, Kevin"]
[Result "1/2-1/2"]
[WhiteTitle "FM"]
[BlackTitle "FM"]
[WhiteElo "2249"]
[BlackElo "2350"]
[WhiteFideId "1715011"]
[BlackFideId "12929840"]
[EventDate "2016.07.08"]

1. d4 Nf6 2. c4 e6 3. Nf3 Bb4+ 4. Nbd2 b6 5. a3 Bxd2+ 6. Qxd2 Bb7 7. e3 a5 8.
Be2 d6 9. O-O a4 10. Qc2 Nbd7 11. Nd2 O-O 12. Nb1 c5 13. Nc3 Bc6 14. Rd1 cxd4
15. exd4 d5 16. cxd5 Nxd5 17. Nb5 Nb8 18. Nc3 Qd7 19. Rd3 Bb7 20. Rh3 f5 21. Be3
Rc8 22. Re1 Nc6 23. Bb5 Nxc3 24. bxc3 Qd5 25. Bf1 Qb3 26. Qe2 g6 27. Bh6 Qd5 28.
Qxe6+ Qxe6 29. Rxe6 Ba6 30. d5 Na5 31. d6 Bxf1 32. Kxf1 Ra7 33. Be3 Nc4 34. Bd4
Rd7 35. Rxg6+ hxg6 36. Rh8+ Kf7 37. Rxc8 Nxa3 38. Bxb6 Nb5 39. Bc5 Nxc3 40. Ra8
Ne4 41. Bb4 Nxd6 42. Bxd6 Rxd6 43. Rxa4 Rd1+ 44. Ke2 Rb1 45. Rd4 Rc1 46. g3 Rb1
47. Kf3 Rb3+ 48. Kg2 Kf6 49. Rd6+ Kf7 50. Rd7+ Kf6 51. Rh7 Rb2 52. h4 Ra2 53. h5
g5 54. Rh6+ Kf7 55. Rb6 Ra5 56. Rg6 g4 57. Rb6 Kg7 58. Kf1 Re5 59. h6+ Kh7 60.
Rf6 Kg8 61. f3 Ra5 62. fxg4 fxg4 63. Rg6+ Kh7 64. Rxg4 Kxh6 65. Kg2 Ra2+ 66. Kh3
Ra1 67. Rb4 Kg6 68. Kg4 Ra6 69. Rc4 1/2-1/2

[Event "Najdorf Mem Open A 2016"]
[Site "Warsaw POL"]
[Date "2016.07.12"]
[Round "5.50"]
[White "Percivaldi, Martin"]
[Black "Zlatin, Alexander"]
[Result "1-0"]
[WhiteTitle "FM"]
[WhiteElo "2347"]
[BlackElo "2146"]
[WhiteFideId "1508148"]
[BlackFideId "2810549"]
[EventDate "2016.07.08"]

1. Nf3 Nf6 2. c4 e6 3. g3 b6 4. Bg2 Bb7 5. O-O Be7 6. d4 O-O 7. Nc3 d5 8. cxd5
exd5 9. Bf4 Na6 10. Re1 c5 11. Rc1 Qc8 12. Ne5 Qe6 13. a3 Rfd8 14. Nd3 Ne4 15.
Qa4 cxd4 16. Nb5 Qd7 17. b4 Nd6 18. Bxd6 Bxd6 19. Nb2 Be5 20. Red1 Bc6 21. Bh3
Qe8 22. Qxa6 Bxb5 23. Qb7 Bf6 24. Nd3 Bc4 25. Qc7 Bg5 26. Nf4 Bxf4 27. Qxf4 Qxe2
28. Qxd4 Qe7 29. Re1 Qd6 30. Rxc4 Qh6 31. Bg2 dxc4 32. Bxa8 Rxa8 33. Qxc4 Qf6
34. Qc7 Kf8 35. Qb7 Qd8 36. Rc1 Qe8 37. h4 g6 38. Rd1 Kg7 39. Rd7 a5 40. Rxf7+
Qxf7 41. Qxa8 axb4 42. axb4 Qe7 43. b5 h5 44. Qd5 Qf7 45. Qc6 Qf6 46. Qxf6+ Kxf6
47. Kg2 Ke5 48. Kf3 Kf5 49. Ke3 Ke5 50. f3 Ke6 51. Ke4 Kd6 52. Kd4 Ke6 53. g4 g5
54. hxg5 h4 55. Ke3 1-0

[Event "Najdorf Mem Open A 2016"]
[Site "Warsaw POL"]
[Date "2016.07.12"]
[Round "5.51"]
[White "Smieszek, Wojciech"]
[Black "Zaksaite, Salomeja"]
[Result "1-0"]
[BlackTitle "WIM"]
[WhiteElo "2217"]
[BlackElo "2336"]
[WhiteFideId "1156047"]
[BlackFideId "12801496"]
[EventDate "2016.07.08"]

1. e4 c5 2. Nf3 e6 3. d4 cxd4 4. Nxd4 a6 5. Bd3 Nf6 6. O-O d6 7. Nc3 Nbd7 8. Qe2
Be7 9. Kh1 Qc7 10. Bd2 O-O 11. f4 Re8 12. Rae1 e5 13. Nf5 Bf8 14. g4 g6 15. Ne3
exf4 16. Rxf4 Bg7 17. Ref1 Rf8 18. Qf2 Qc5 19. b4 Qc7 20. g5 Nh5 21. Rxf7 Qd8
22. Ng4 Rxf7 23. Nh6+ Bxh6 24. Qxf7+ Kh8 25. gxh6 Qg8 26. Qxg8+ Kxg8 27. Bc4+
Kh8 28. Nd5 1-0